Quizz culture générale - Statistiques

Statistiques générales
  • Ce quiz a été pris 213 fois
  • Le résultat moyen est 4 sur 15
Statistiques - réponses
Question Réponse % Correct
Qui se serait exclamé : "Paris vaut bien une messe !" Henri IV
60%
La dernière symphonie de Beethoven est sa neuvième. Quelle est son surnom ? L'ode à la joie
53%
Quel film mettant en scène Joaquin Phoenix et Scarlett Johansson raconte l'histoire d'amour entre un homme solitaire et une intelligence artificielle ? Her
45%
Quel est le fleuve qui traverse le plus de pays au monde ? Le Danube
45%
Quel poète a traduit de nombreuses œuvres de Egar Allan Poe ? Baudelaire
34%
Qui a inventé le symbole de l'intégrale en mathématiques ? Gottfried Wilhelm von Leibniz
25%
Quel député conservateur a prononcé le célèbre discours dans lequel on retrouve la fameuse phrase : "Je suis de ceux qui croient qu'on peut détruire la misère." Victor Hugo
23%
Quelle rivière passe sous Chenonceau ? Cher
22%
Isaac Asimov, auteur de "Le Robot qui rêvait", était docteur dans quel domaine ? Biochimie
19%
Qui a composé la bande originale de "Le Parrain ?" Nino Rota
19%
Quelle nouvelle de Madame de La Fayette se déroule durant le règne de Charles IX sous fond de guerres de religion, et est considérée comme la première œuvre de la littérature française à utiliser l'Histoire de France comme trame romanesque ? La Princesse de Montpensier
17%
Qui était le père Lachaise ? Le confesseur et conseiller de Louis XIV
17%
Où a eu lieu le premier décollage en ballon des frères Montgolfier ? Château de Versailles
11%
Quel est le monument parisien qui accueille le plus de visiteurs chaque année ? Notre-Dame de Paris
11%
Qui était le chef du gouvernement durant le régime de Vichy à partir d'avril 1942 ? Pierre Laval
11%
Aucun quiz correspondant
Distribution des résultats
% des personnes avec chaque résultat
Percentile par nombre de réponses
Votre historique - résultats
Vous n’avez pas pris ce quiz